The psychoanalytic study of the child. Vol 20 (Record no. 1351522)

MARC details
000 -LEADER
fixed length control field 00588nam a2200205Ia 4500
005 - DATE AND TIME OF LATEST TRANSACTION
control field 20250508154654.0
008 - FIXED-LENGTH DATA ELEMENTS--GENERAL INFORMATION
fixed length control field 008 250505s9999 xx 000 0 eng d
037 ## - SOURCE OF ACQUISITION
Stock number Textual
040 ## - CATALOGING SOURCE
Original cataloging agency FEDL
Language of cataloging eng
Transcribing agency FEDL
041 ## - LANGUAGE CODE
Language code of text/sound track or separate title eng
Source of code eng
084 ## - COLON CLASSIFICATION NUMBER
Classification number 155.4, EIS
Assigning agency FEDL
100 ## - MAIN ENTRY--PERSONAL NAME
Personal name Eissler Ruth S. Ed.
9 (RLIN) 765826
245 #4 - TITLE STATEMENT
Title The psychoanalytic study of the child. Vol 20
260 ## - PUBLICATION, DISTRIBUTION, ETC.
Place of publication, distribution, etc. London, UK
Name of publisher, distributor, etc. Hogarth Press
Date of publication, distribution, etc. 1965
300 ## - PHYSICAL DESCRIPTION
Extent 566p.
650 ## - SUBJECT ADDED ENTRY--TOPICAL TERM
Topical term or geographic name entry element Child Psychology
700 ## - ADDED ENTRY--PERSONAL NAME
Personal name Hartmann Heinz Ed.
9 (RLIN) 765827
942 ## - ADDED ENTRY ELEMENTS (KOHA)
Koha item type Textual
Classification part 155.4, EIS
Holdings
Withdrawn status Lost status Damaged status Not for loan Home library Current library Date acquired Total Checkouts Full call number Barcode Date last seen Price effective from Koha item type
        Department of Education Library Department of Education Library 2025-05-08   155.4, EIS EL0035663 2025-05-08 2025-05-08 Textual
Copyright @ Delhi University Library System